000 00696nam a22002177a 4500
003 UA-OsUOA
001 130578
007 ta
008 20180507b un ||||| |||| 00| 0 ukr d
100 _aКозир О.
090 _a657
_bК59
942 _cSA
040 _aUA-OsUOA
_bukr
_cUA-OsUOA
_dUA-OsUOA
245 _aУсе про облік операцій фінансового лізингу: шпаргалка для бухгалтера
300 _aС.38-46
955 _a0
041 _aukr
080 _a657
773 0 _w130574
_tАудитор України
_dК.
_d2018
_g4
650 7 _a657 Бухгалтерія. Бухгалтерський облік. Рахівництво
_2UDC
999 _c418609
_d418609